• 首页
  • 本馆介绍
  • 公告通知
  • 最新文献
  • 馆藏检索
  • 电子资源
  • 读者导购
  • 参考咨询
  • 我的图书馆
  • 登录
  • 详细信息显示
  • 放入我的书架
  • 预约/预借图书
  • 作者相关作品
  • 分类相关作品
  • 丛书相关作品
  • 出版社相关作品

书目信息

  • 表格格式
  • 工作单格式
  • 卡片格式
题名:
Bumper Book of Standard Two-in-one Crossword Puzzles
    
 
作者:
分册:  
出版信息: 英国   Evening Standard Company Ltd 1984  1984
页数: 288页
开本: 20cm
丛书名: Penguin Books
单 册:
中图分类: H312
科图分类:
主题词: 英语
电子资源:
ISBN:
000 00517nam0 2200193 450
001 0755227312
005 20070828152027.31
010    @d¥95.00
100    @a20070828d km y0chiy0120 ea
101 0  @achi
200 1  @aBumper Book of Standard Two-in-one Crossword Puzzles
210    @a英国@cEvening Standard Company Ltd 1984@d1984
215    @a288页@d20cm
225 2  @aPenguin Books
410  0 @12001 @aPenguin Books
606 0  @a英语
690    @aH312@v3
801  0 @aCN@bPFT@c20070828
905    @a213230@dH312@eW4@f1
    
    Bumper Book of Standard Two-in-one Crossword Puzzles.-英国:Evening Standard Company Ltd 1984,1984
    288页;20cm.-(Penguin Books)
    
    
    ISBN :¥95.00
    
●
相关链接 在E读中查询图书 在五车中查询图书 在当当中查询图书 在豆瓣中查询图书


正题名:Bumper Book of Standard Two-in-one Crossword Puzzles     索取号:H312/W4         预约/预借

序号 登录号 条形码 馆藏地/架位号 状态 备注
1 0702971   207029712   密集书库—外国语学院/ [索取号:H312/W4] 在馆    
唐山师范学院图书馆 欢迎您!
大连网信软件有限公司© 版权所有